Manual de tramites de crédito publico interno y externo / (Registro nro. 15634)
[ vista simple ]
| 000 -LEADER | |
|---|---|
| fixed length control field | 01058nam a2200241Ia 4500 |
| 003 - CONTROL NUMBER IDENTIFIER | |
| control field | OSt |
| 005 - DATE AND TIME OF LATEST TRANSACTION | |
| control field | 20211124160035.0 |
| 008 - FIXED-LENGTH DATA ELEMENTS--GENERAL INFORMATION | |
| fixed length control field | 210310s1998 ck gr 000 0 spa d |
| 020 ## - INTERNATIONAL STANDARD BOOK NUMBER | |
| International Standard Book Number | 9588025125 |
| 040 ## - CATALOGING SOURCE | |
| Original cataloging agency | CO-JMCR |
| Transcribing agency | CO-JMCR |
| 041 0# - LANGUAGE CODE | |
| Language code of text/sound track or separate title | spa |
| 082 04 - DEWEY DECIMAL CLASSIFICATION NUMBER | |
| Classification number | 336.34 / |
| Item number | D419m1 |
| Edition number | 23 |
| 110 2# - MAIN ENTRY--CORPORATE NAME | |
| Corporate name or jurisdiction name as entry element | Departamento Nacional de Planeación |
| Relator term | autor |
| 9 (RLIN) | 1612 |
| 245 10 - TITLE STATEMENT | |
| Title | Manual de tramites de crédito publico interno y externo / |
| Remainder of title | Departamento Nacional de Planeación |
| 260 ## - PUBLICATION, DISTRIBUTION, ETC. | |
| Place of publication, distribution, etc. | Bogotá : |
| Name of publisher, distributor, etc. | Departamento Nacional de Planeación, |
| Date of publication, distribution, etc. | 1998. |
| 300 ## - PHYSICAL DESCRIPTION | |
| Extent | 55 páginas : |
| Other physical details | ilustraciones y gráficas en blanco y negro ; |
| Dimensions | 26 cm. |
| 501 ## - WITH NOTE | |
| With note | Con: notas a pie de página. |
| 505 0# - FORMATTED CONTENTS NOTE | |
| Formatted contents note | El créditos externos. -- El crédito interno. -- La presentación del proyecto. -- Tramites para gestionar un crédito. -- El concepto de DNP. -- Metodología para el análisis financiero. |
| 650 14 - SUBJECT ADDED ENTRY--TOPICAL TERM | |
| Topical term or geographic name entry element | Crédito público |
| General subdivision | Manual |
| 9 (RLIN) | 41674 |
| 650 24 - SUBJECT ADDED ENTRY--TOPICAL TERM | |
| Topical term or geographic name entry element | Tramites de crédito público |
| General subdivision | Manual |
| 9 (RLIN) | 41675 |
| 650 24 - SUBJECT ADDED ENTRY--TOPICAL TERM | |
| Topical term or geographic name entry element | Metodología |
| General subdivision | Análisis financiero |
| 9 (RLIN) | 41676 |
| 942 ## - ADDED ENTRY ELEMENTS (KOHA) | |
| Source of classification or shelving scheme | Dewey Decimal Classification |
| Koha item type | Books |
| Withdrawn status | Lost status | Source of classification or shelving scheme | Damaged status | Not for loan | Home library | Current library | Shelving location | Date acquired | Source of acquisition | Total Checkouts | Full call number | Barcode | Date last seen | Copy number | Price effective from | Koha item type |
|---|---|---|---|---|---|---|---|---|---|---|---|---|---|---|---|---|
| Dewey Decimal Classification | Biblioteca Pública José María del Castillo y Rada | Biblioteca Pública José María del Castillo y Rada | General Stacks | 04/15/2018 | Donación | 336.34 / D419m1 | 430003515 | 05/16/2024 | Ej.1 | 04/15/2018 | Books |